Seeds that grew; a history of the Cooperative Grange League Federation Exchange.

Bibliographic Details
Main Author: Knapp, Joseph Grant, 1900-
Format: Book
Language:English
Published: Hinsdale, N. Y., Anderson House, 1960.
Subjects:

MARC

Tag First Indicator Second Indicator Subfields
LEADER 00000cam a2200000 4500
001 in00000054234
005 20200901153705.0
008 720201s1960 nyu 00000 eng u
010 |a  60015108 /L 
035 |a (OCoLC)00231308 
035 |9 AAG7927AM 
040 |c WSU  |d TXA 
049 |a TXAM  |c [323183] 
050 |a HD1485.C6  |b K57 
092 |a 334.683  |b K67s 
100 1 |a Knapp, Joseph Grant,  |d 1900- 
245 1 0 |a Seeds that grew;  |b a history of the Cooperative Grange League Federation Exchange. 
260 |a Hinsdale, N. Y.,  |b Anderson House,  |c 1960. 
300 |a 535 p. 
336 |a text  |b txt  |2 rdacontent 
337 |a unmediated  |b n  |2 rdamedia 
338 |a volume  |b nc  |2 rdacarrier 
610 2 0 |a Cooperative Grange League Federation Exchange, inc. 
999 f f |s 909c496d-08d6-3efc-a26e-f1de00ba2263  |i 134a6d0f-328c-3f82-b52c-67c0aa53cb21  |t 0 
952 f f |p normal  |a Texas A&M University  |b College Station  |c Sterling C. Evans Library  |s Evans stk  |d Evans: Library Stacks  |t 0  |e HD1485.C6 K57  |h Library of Congress classification  |i unmediated -- volume  |m A14800743029 
998 f f |a HD1485.C6 K57  |t 0  |l Evans: Library Stacks